000 00374nam a2200157Ia 4500
008 230711s9999||||xx |||||||||||||| ||und||
041 _aENG
082 _a624
_bMO-R
100 _aMorgan,Chris
245 0 _aRobotics,planning and implant
250 _a1st
260 _c1989
_aNew Jersy
_bIFS Publication
300 _a195
650 _aMechanical Engineering
942 _cBK
999 _c1780
_d1780